| 000 | 00963cam a22003135a 4500 | ||
|---|---|---|---|
| 001 | 016829554 | ||
| 003 | OSt | ||
| 005 | 20170928131135.0 | ||
| 008 | 140811s2015 enk frb f001 0 eng d | ||
| 020 | _a9781107612495 | ||
| 040 |
_aStDuBDS _beng _cStDuBDS _dUk _dEG-ScBUE _dEG-ScBUE |
||
| 082 | 0 | 4 |
_a341 _bSHA _222 |
| 100 | 1 |
_aShaw, Malcolm N. _q(Malcolm Nathan), _d1947- _920052 |
|
| 245 | 1 | 0 |
_aInternational law / _cMalcolm N. Shaw. |
| 250 | _a7th ed. | ||
| 250 | _a3rd printing. | ||
| 260 |
_aCambridge : _bCambridge University Press, _c2015. |
||
| 300 |
_alxxxv, 981 p. ; _c24 cm. |
||
| 500 | _aPrevious sixth edition : 2008. | ||
| 500 | _aPrevious seventh edition : 2014. | ||
| 500 | _aIndex : p. 966-981. | ||
| 504 | _aIncludes bibliographical references. | ||
| 650 | 7 |
_aInternational law. _2BUEsh _99620 |
|
| 651 | _2BUEsh | ||
| 653 |
_bBUSBOL _bLLAAWW _cMarch2016 |
||
| 653 |
_bBUSBOL _cSeptember2017 |
||
| 655 |
_vText book _933728 |
||
| 942 | _2ddc | ||
| 999 |
_c21368 _d21340 |
||